| 000 | 01147cam a2200301 a 4500 | ||
|---|---|---|---|
| 001 | 2998060 | ||
| 003 | OSt | ||
| 005 | 20160330173337.0 | ||
| 008 | 930923s1993 enk b 001 0 eng | ||
| 010 | _a 93037607 | ||
| 020 |
_a1856490793 : _c$55.00 |
||
| 020 |
_a1856490807 (pbk.) : _c$19.95 |
||
| 020 | _a9840512072 (Bangladesh) | ||
| 040 |
_aDLC _cDLC _dDLC |
||
| 050 | 0 | 0 |
_aHN49.C6 _bR33 1993 |
| 082 | 0 | 0 |
_a147 _220 _bRAH 1993 |
| 100 | 1 |
_aRahman, Md. Anisur _q(Muhammad Anisur) _97480 |
|
| 245 | 1 | 0 |
_aPeople's self development : _bperspectives on participatory action research ; a journey through experience / _cMd Anisur Rahman. |
| 260 |
_aLondon ; _aAtlantic Highlands, NJ : _bZed Books ; _aDhaka : _bUniversity Press, _c1993. |
||
| 300 |
_a234 p. ; _c23 cm. |
||
| 504 | _aIncludes bibliographical references and index. | ||
| 650 | 0 |
_aCommunity development. _97481 |
|
| 650 | 0 |
_aRural development. _92024 |
|
| 650 | 0 |
_aAction research. _97482 |
|
| 906 |
_a7 _bcbc _corignew _d1 _eocip _f19 _gy-gencatlg |
||
| 942 |
_2ddc _cSLOAN |
||
| 999 |
_c3341 _d3341 |
||